Statystyki dla WYMIEŃ RODZAJE ORZECHÓW:

Kliknij tutaj aby rozwiązać quiz!

Ogólne statystyki

  • Ten quiz został rozwiązany 88 razy
  • Średni wynik to 4 z 6

Statystyki odpowiedzi

Odpowiedź% Poprawnych
WŁOSKI
100%
LASKOWY
86%
ZIEMNY
76%
PISTACJA
57%
NERKOWCA
33%
KOKOS
25%

Rozkład punktacji

Percentyl według liczby udzielonych odpowiedzi

Procent ludzi z każdym wynikiem

Twoja historia wyników

Nie rozwiązałeś tego quizu